Lip Sync Assassins on RuPaul's Drag Race All Stars - Statistics

General Stats
  • This quiz has been taken 968 times
    835 since last reset
  • The average score is 21 of 27
Answer Stats
SEASON QUEENS % Correct
S6 Laganja Estranja
90%
S5 Yvie Oddly
89%
S5 Alyssa Edwards
87%
S6 Mayhem Miller
85%
S6 Brooke Lynn Hytes
82%
S6 Manila Luzon
82%
S6 Coco Montrese
81%
S6 Jessica Wild
81%
S8 Aja
80%
S5 Monét X Change
80%
S6 Alexis Mateo
79%
S8 Ra'Jah O'Hara
79%
S8 Silky Nutmeg Ganache
77%
S8 Jorgeous
76%
S8 Jasmine Kennedie
75%
S5 Morgan McMichaels
75%
S6 Jaida Essence Hall
73%
S6 Kameron Michaels
70%
S8 Nicky Doll
70%
S8 Pangina Heals
70%
S8 Priyanka
70%
S5 Roxxxy Andrews
70%
S5 Kennedy Davenport
69%
S8 Shannel
69%
S8 Angeria Paris VanMicheals
68%
S5 Vanessa Vanjie Mateo
66%
S6 Heidi N Closet
64%
No matching quizzes found
Score Distribution
Percent of People with Each Score
Percentile by Number Answered
Your Score History
You have not taken this quiz since the last reset